Production planning by mixed integer programming
Salvato in:
| Autori principali: | , |
|---|---|
| Natura: | Libro |
| Lingua: | inglese |
| Pubblicazione: |
Nueva York
Springer
2010
|
| Serie: | Springer Series in Operation Research and Financial Engineering
|
| Soggetti: | |
| Tags: |
Aggiungi Tag
Nessun Tag, puoi essere il primo ad aggiungerne!!
|
MARC
| LEADER | 00000cam a2200000 a 4500 | ||
|---|---|---|---|
| 001 | UCG9991 | ||
| 003 | CL-VaPUC | ||
| 008 | 120420e20100000US |||||||||||||||||eng|d | ||
| 020 | |a 9781441921321 | ||
| 082 | 0 | 4 | |a 658.8 |b POC |2 21 |
| 100 | 0 | |a Pochet, Yves |e author |9 561783 | |
| 700 | 0 | |a Wolsey, Laurence A |e author |9 561784 | |
| 245 | 1 | 0 | |a Production planning by mixed integer programming |
| 300 | |a 499 p | ||
| 942 | |c BK | ||
| 945 | |d 20120420 00:00:00 |a dcastane | ||
| 260 | |a Nueva York |b Springer |c 2010 | ||
| 650 | 0 | |a Producción |x Planificación |9 260672 | |
| 650 | 0 | |a Planificación estratégica |9 259735 | |
| 650 | 0 | |a Programas computacionales |9 392922 | |
| 583 | |a last modification |c 20120420 11:58:00 |k Rodrigo Vera | ||
| 490 | 0 | |a Springer Series in Operation Research and Financial Engineering | |
| 999 | |c 347515 |d 347513 | ||
| 952 | |0 0 |1 0 |4 0 |6 658_800000000000000_POC_2010 |7 0 |8 A |9 448919 |a BIBING |b BIBING |d 2019-11-22 |i 4860039 |o 658.8 POC 2010 |p 4860039 |r 2025-01-20 |w 2019-11-22 |y BK |k EII | ||